00453 2200181 4500001002100000005001500021008004100036020002200077035001900099041000700118082001000125090001600135100001400151245002700165260002600192300003400218650001900252INLIS00000000001209320241224114312241224||||||||| | ||| |||| || |  a978-979-465-531-3 0010-1224012093 aid0 a611.7 a611.7 TAK m0 aE. Takari00aMengenal Sistem Rangka aBandungbEpsilon Grup a30x21 cm, iv, 36 hlm.; ilus.: 0aILMU KESEHATAN